000 00718nam a2200289Ia 4500
005 20260324112116.0
008 008 260324s9999 xx 000 0 eng d
020 _a9781003364931
037 _aEBOOK
040 _aCRL
040 _beng
040 _cCRL
041 _2eng
041 _aeng
084 _qCRL
100 _aShoaib Ahmed Malik; David Solomon Jalajel
_91141332
245 0 _aNew Frontiers in Islam and Evolution
245 0 _bScriptures, Scholars, and Societies
260 _bTaylor and Francis
260 _c2024
365 _a
365 _b205
856 _uhttp://www.taylorfrancis.com/books/9781003364931
942 _cEBOOK
999 _c1730411
_d1730411